Disha's 30 year IIT-JEE topic wise solved papers ____ chemistry : (Record no. 9372)

MARC details
000 -LEADER
fixed length control field 00680 a2200217 4500
010 ## - LIBRARY OF CONGRESS CONTROL NUMBER
LC control number ENG-88867
020 ## - INTERNATIONAL STANDARD BOOK NUMBER
Terms of availability 175.00
035 ## - SYSTEM CONTROL NUMBER
System control number EN-72400
037 ## - SOURCE OF ACQUISITION
Source of stock number/acquisition DBAD / PUB
082 14 - DEWEY DECIMAL CLASSIFICATION NUMBER
Classification number 540
090 ## - LOCALLY ASSIGNED LC-TYPE CALL NUMBER (OCLC); LOCAL CALL NUMBER (OCLC)
-- 9546
-- 9546
100 ## - MAIN ENTRY--PERSONAL NAME
Personal name Agarwal, O.P
245 1# - TITLE STATEMENT
Title Disha's 30 year IIT-JEE topic wise solved papers ____ chemistry :
Statement of responsibility, etc by O.P. Agarwal [and] D.K. Agarwal
Remainder of title 1978-2007/
250 ## - EDITION STATEMENT
Edition statement 3rd ed
260 ## - PUBLICATION, DISTRIBUTION, ETC. (IMPRINT)
Place of publication, distribution, etc New Delhi
Name of publisher, distributor, etc Disha Publications
Date of publication, distribution, etc 2008
300 ## - PHYSICAL DESCRIPTION
Extent 174p.
Dimensions 27 cm (pbk)
500 ## - GENERAL NOTE
General note Includes Index
700 ## - ADDED ENTRY--PERSONAL NAME
Personal name Agarwal, D.K.
942 ## - ADDED ENTRY ELEMENTS (KOHA)
Institution code [OBSOLETE] dpl
Koha item type English Books
Call number prefix 540/ AGA
Holdings
Withdrawn status Lost status Source of classification or shelving scheme Damaged status Not for loan Collection code Home library Current library Source of acquisition Cost, normal purchase price Total Checkouts Full call number Barcode Date last seen Copy number Uniform Resource Identifier Cost, replacement price Price effective from Koha item type
    Dewey Decimal Classification   Not For Loan Non-fiction D.B.Act.Division D.B.Act.Division DBAD/PUB 175.00   540 AGA EN-72400 15/09/2008 1 10355 175.00 15/09/2008 English Books

© Delhi Public Library
Hit Counter
free hit counter